| 000 -LEADER |
| fixed length control field |
00552cam a22001577a 4500 |
| 008 - FIXED-LENGTH DATA ELEMENTS--GENERAL INFORMATION |
| fixed length control field |
180718b2002 xxu||||| |||| 00| 0 eng d |
| 082 ## - DEWEY DECIMAL CLASSIFICATION NUMBER |
| Classification number |
APPPA 2001-2002 TOC/38 |
| 100 ## - MAIN ENTRY--PERSONAL NAME |
| Personal name |
Tochhawng, lalramthanga |
| 245 ## - TITLE STATEMENT |
| Title |
Addiction rehabilitation in the state of Mizoram |
| Statement of responsibility, etc. |
by Lalramthanga Tochhawng |
| 260 ## - PUBLICATION, DISTRIBUTION, ETC. |
| Place of publication, distribution, etc. |
New Delhi |
| Name of publisher, distributor, etc. |
Indian Institute of Public Administration |
| Date of publication, distribution, etc. |
2002 |
| 300 ## - PHYSICAL DESCRIPTION |
| Extent |
106p. |
| 500 ## - GENERAL NOTE |
| General note |
An APPPA M. Phil. dissertation, 2001-02 (Guide: Rajesh Singh) |
| 650 ## - SUBJECT ADDED ENTRY--TOPICAL TERM |
| Topical term or geographic name entry element |
APPPA |
| 650 ## - SUBJECT ADDED ENTRY--TOPICAL TERM |
| Topical term or geographic name entry element |
Rehabilitation - India - Mizoram |
| 650 ## - SUBJECT ADDED ENTRY--TOPICAL TERM |
| Topical term or geographic name entry element |
Addiction |